Statistics for Portuguese Translations of Song Titles

Click here to take the quiz!

General Stats

  • This quiz has been taken 421 times
  • The average score is 14 of 28

Answer Stats

HintAnswer% Correct
FelizHappy
93%
Submarino AmareloYellow Submarine
87%
Olho do TigreEye of the Tiger
85%
Meninas de CalifórniaCalifornia Gurls
82%
Chama-me TalvezCall Me Maybe
79%
Sexta-feiraFriday
75%
Beijei uma MeninaI Kissed a Girl
75%
Ops! Fiz Isso de NovoOops! I Did It Again
74%
Rock de FestaParty Rock
65%
O Leão Dorme Hoje à NoiteThe Lion Sleeps Tonight
64%
Dá-me TudoGive Me Everything
63%
Verão de Sessenta e NoveSummer of '69
62%
Pronto Para IrReady to Go
60%
Bem-vinda à SelvaWelcome to the Jungle
59%
Anda Como um EgípcioWalk Like an Egyptian
57%
No ChãoOn the Floor
56%
O Que Diz a Raposa?What Does the Fox Say
49%
Gênio numa GarrafaGenie in a Bottle
46%
RugirRoar
39%
Levanta o Teu CopoRaise Your Glass
38%
Homem do FogueteRocket Man
37%
Segredinho SujoDirty Little Secret
36%
Não Há EscolaSchool's Out
33%
O LemaThe Motto
12%
Mulher CaipiraRedneck Woman
5%
O Suspeito Esbelto RealThe Real Slim Shady
5%
Amarelo JovialMellow Yellow
4%
Menina Que Grita em TrocaHollaback Girl
3%

Score Distribution

Percentile by Number Answered

Percent of People with Each Score

Your Score History

You have not taken this quiz